000 00480nam a2200133Ia 4500
005 20260209120148.0
008 260209s9999||||xx |||||||||||||| ||und||
100 _aChetan Upadhyay
245 2 _aA comparative study of the doctrine of patent exhaustion
260 _aBangaloreBangalore
_bNLSIU, Bangalore
_c2023
300 _a31 p. ; 25 cm.
700 _aDr. Betsy Rajasingh - Supervisor Dr. Betsy Rajasingh - Supervisor
856 _uhttps://dans.nls.ac.in/handle/123456789/1232
999 _c217626
_d217626